[Event "Oberliga Nord W 9697"]
[Site "Germany"]
[Date "1996.10.??"]
[Round "6.1"]
[White "Bangiev, Alexander J"]
[Black "Panzer, Peter"]
[Result "1-0"]
[WhiteElo "2400"]
[BlackElo "2345"]
[Annotator "Bangiev,A"]
[PlyCount "51"]
[EventDate "1996.10.??"]
[EventType "team"]
[EventRounds "9"]
[EventCountry "GER"]
[SourceTitle "CBM 057"]
[Source "ChessBase"]
[SourceDate "1997.04.01"]
[SourceVersion "1"]
[SourceVersionDate "1997.04.01"]
[SourceQuality "1"]
[WhiteTeam "Isernhagen"]
[BlackTeam "Hannover SV"]
[WhiteTeamCountry "GER"]
[BlackTeamCountry "GER"]

1. e4 c5 2. Nc3 e6 3. Nf3 Nc6 4. d4 cxd4 5. Nxd4 Qc7 6. Be3 a6 7. Bd3 Nf6 8.
O-O Ne5 9. h3 d6 10. f4 Ned7 11. g4 (11. f5 $5 Ne5 12. Qe2 $16) 11... Nc5 (
11... h6 $142 12. Nf3 $5) 12. g5 Nfd7 13. Qe1 $5 (13. f5 Ne5 14. Nf3 $14) (13.
Be2 $6 {/\14.b4} h6 14. b4 Nb3 $13) (13. Qd2 h6 $5) 13... b5 (13... h6 $5 14.
g6 (14. Qh4 $6 g6) 14... fxg6 15. Qg3 g5 16. fxg5 hxg5 17. Qxg5 Ne5 18. Be2 $36
) 14. b4 $1 Nxd3 15. cxd3 Bb7 16. Rc1 $16 Qd8 17. f5 exf5 (17... e5 18. Ne6 $1
fxe6 19. fxe6 Qe7 (19... Nb8 20. Kf2 Qe7 21. Nd5 $18) 20. Nd5 Bxd5 21. exd5 Nb6
22. Rf7 $18) (17... Qe7 $142 $16) 18. Nd5 $1 (18. Nxf5 g6 19. Nh6 Bxh6 20. gxh6
$14) 18... Rc8 (18... Bxd5 19. exd5 Ne5 20. Nc6 $1 Qd7 (20... Nxc6 21. Bb6+ Qe7
22. Rxc6 $18) 21. Bf4 $18) 19. Rxc8 Qxc8 20. Nxf5 (20. Qf2 $6 {/\21.Rc1} Bxd5
21. exd5 g6 $13) 20... h6 $6 (20... Ne5 $5 21. d4 (21. Qf2 Bxd5 22. exd5 Qb7
$13) (21. Qe2 {/\22.Rc1} Bxd5 22. exd5 g6 23. Bd4 Qc7 24. Nxd6+ Bxd6 25. Bxe5
Bxe5 26. d4 O-O 27. dxe5 Qc3 $132) 21... Bxd5 22. exd5 Nd3 23. Qe2 Qc4 24. Qf3
$16) 21. Qf2 $1 {/\22.Rc1; 22.Nf7} Bxd5 22. exd5 g6 (22... Ne5 23. d4 $18) (
22... f6 $8 23. g6 Qb7 24. Qg2 $16) 23. Bd4 (23. Ng7+ $1 Bxg7 24. Qxf7+ Kd8 25.
Qxg7 Re8 26. Bf4 $18) 23... Rh7 (23... Ne5 24. Bxe5 dxe5 25. Nd6+ Bxd6 26.
Qxf7+ Kd8 27. Qf6+ $18) 24. Ng7+ Bxg7 25. Qxf7+ Kd8 26. Bxg7 1-0

[Event "EU-ch 9th"]
[Site "Plovdiv"]
[Date "2008.04.26"]
[Round "6"]
[White "Bindrich, Falko"]
[Black "Sokolov, Andrei"]
[Result "1/2-1/2"]
[WhiteElo "2513"]
[BlackElo "2596"]
[Annotator "Bindrich,F"]
[PlyCount "167"]
[EventDate "2008.04.21"]
[EventType "swiss"]
[EventRounds "11"]
[EventCountry "BUL"]
[SourceTitle "CBM 124"]
[Source "ChessBase"]
[SourceDate "2008.05.28"]
[SourceVersion "1"]
[SourceVersionDate "2008.05.28"]
[SourceQuality "1"]

1. e4 c5 2. Nf3 e6 3. d4 cxd4 4. Nxd4 Nc6 5. Nc3 Qc7 6. Be3 Nf6 7. Be2 Be7 8.
f4 (8. Qd2 a6 9. O-O O-O 10. f4 d6 11. Nxc6 bxc6 12. Rf2 Rd8 13. Raf1 Rb8 14.
b3 d5 15. e5 d4 16. Bxd4 c5 17. exf6 Bxf6 18. Kh1 Bxd4 19. Rf3 Bb7 20. Rd3 a5
21. Na4 Be4 22. Rh3 f5 23. Bd3 Qc6 24. Bxe4 fxe4 25. c3 Bf6 26. Qe2 c4 27. Qh5
h6 28. Nc5 Rd5 {0-1 Wyss,P-Navara,D/Mainz 2007/CBM 119 ext}) 8... O-O $146 {
A new move, but a bad one, too.} (8... d6 9. g4 a6 10. g5 Nd7 11. Qd2 b5 12. a3
{1/2-1/2 Predojevic,B-Markus,R/Zlatibor 2007/CBM 120 ext}) 9. Qd2 $6 {I
overlooked his next move.} (9. e5 $1 Nd5 (9... Ne8 10. O-O d5 11. Rf3 $14) 10.
Nxd5 exd5 11. Nb5 Qa5+ 12. Kf2 $1 a6 13. Nd6 Bxd6 14. exd6 Re8 15. Re1 $16)
9... Bb4 $1 10. Bf3 d5 $1 11. e5 (11. exd5 exd5 12. O-O Bg4 $11 {and Black is
doing fine.}) 11... Nd7 (11... Ne4 12. Bxe4 dxe4 13. a3 Qa5 $1 (13... Bxc3 14.
Qxc3 Bd7 15. O-O-O $16) 14. Nxc6 bxc6 15. O-O Bxc3 16. Qxc3 Qxc3 17. bxc3 $14 {
This endgame is slightly better for White.}) 12. a3 Ba5 $5 (12... Be7 $5 13.
O-O Nxd4 14. Bxd4 b6 $14) 13. O-O (13. Ndb5 $1 Qd8 14. O-O-O Bb6 15. Kb1 Bxe3
16. Qxe3 Qb6 17. Rhe1 Qxe3 18. Rxe3 $14) 13... Nb6 $5 14. Ndb5 Qd8 15. Nd6 (15.
b3 $5 f6 16. Bc5 Nd7 $1 17. Bxf8 Qxf8) 15... Na4 16. b4 $1 $14 Nxc3 17. Qxc3
Bc7 18. Bc5 b6 19. Bf2 Ne7 20. Nb5 Ba6 21. a4 Bxb5 22. axb5 $14 {Black has a
very bad structure now.} Rc8 23. Qb3 Bb8 24. Rac1 $6 (24. Be2 $1 {would have
been clearly better.} f6 25. exf6 Rxf6 26. g3 $14) 24... Rc4 25. g3 Qc7 26. Be2
Rc3 27. Qb2 Rc8 28. Bd3 Qd8 29. Bd4 R3c7 30. Rcd1 $14 Nf5 31. Bf2 Qe7 32. Bxf5
$5 {My opponent was in time trouble, so I decided to force matters.} exf5 33.
Rxd5 Rxc2 34. Qd4 h5 35. Qd3 $1 Qe6 36. Rd1 R8c3 37. Rd8+ Kh7 38. Qd7 Qxd7 39.
R8xd7 Kg6 40. R7d2 Bc7 41. Rxc2 Rxc2 42. Rd7 $18 {The endgame is won for White.
} h4 $5 {The only chance.} 43. gxh4 $1 f6 44. e6 Bxf4 45. Kf1 $1 Rc8 46. Rxa7
Re8 47. e7 Kf7 48. Bxb6 Rxe7 49. Rxe7+ Kxe7 50. Bc5+ Kd7 51. h5 $1 Bxh2 52. Kg2
$4 (52. Bf8 $1 $18 Kc7 (52... Ke8 53. Bxg7 Kf7 54. Bh6 $18) 53. Kg2 Bf4 54.
Bxg7 Kb6 55. h6 $18) 52... Bf4 53. Kf3 Bh6 54. Ke2 Ke6 55. Kd3 Kd5 56. b6 Kc6
57. Kc4 Bd2 58. b5+ Kb7 59. Kd5 Bc1 60. Bd4 f4 61. Ke4 Be3 62. Bxe3 fxe3 63.
Kxe3 Kxb6 64. Ke4 Kxb5 65. Kf5 Kc4 66. Kg6 Kd3 67. Kxg7 f5 68. h6 f4 69. h7 f3
70. h8=Q f2 71. Qh5 Kd2 72. Qf3 Ke1 73. Qe4+ Kf1 74. Qg4 Ke1 75. Qh4 Ke2 76.
Qh2 Ke1 77. Qg3 Ke2 78. Qe5+ Kf1 79. Kg6 Kg1 80. Qd4 Kg2 81. Qg4+ Kh1 82. Qf3+
Kg1 83. Qg3+ Kh1 84. Qxf2 1/2-1/2

[Event "Graz zt"]
[Site "Graz"]
[Date "1993.??.??"]
[Round "9"]
[White "Lau, Ralf"]
[Black "Schlosser, Philipp"]
[Result "1-0"]
[WhiteElo "2530"]
[BlackElo "2520"]
[Annotator "Blatny,P"]
[PlyCount "51"]
[EventDate "1993.03.??"]
[EventType "tourn"]
[EventRounds "13"]
[EventCountry "AUT"]
[EventCategory "8"]
[SourceTitle "CBM 035"]
[Source "ChessBase"]
[SourceDate "1993.08.01"]
[SourceVersion "1"]
[SourceVersionDate "1993.08.01"]
[SourceQuality "1"]

1. e4 c5 2. Nf3 e6 3. d4 cxd4 4. Nxd4 Nc6 5. Nc3 Qc7 6. Be3 a6 7. Bd3 Nf6 8.
O-O Ne5 {/\Ng4} 9. h3 Bc5 (9... Nc4) 10. Kh1 d6 11. f4 Ned7 12. a4 b6 13. Qf3
Bb7 14. Rae1 h5 15. Qf2 Rc8 16. Nf3 Qb8 17. Qh4 Bxe3 18. Rxe3 Rc5 19. e5 (19.
Nd4) 19... Nd5 (19... dxe5 20. fxe5 Nxe5) 20. Nxd5 Bxd5 21. b4 Rc3 22. exd6
Qxd6 23. f5 e5 (23... Nf6) 24. Nxe5 Nxe5 25. Rxe5+ Qxe5 26. Re1 1-0

[Event "Porz Citroen-Cup"]
[Site "Cologne"]
[Date "1992.??.??"]
[Round "8"]
[White "Mainka, Romuald"]
[Black "Lau, Ralf"]
[Result "1-0"]
[WhiteElo "2550"]
[BlackElo "2520"]
[Annotator "Blatny,P"]
[PlyCount "51"]
[EventDate "1992.08.??"]
[EventType "tourn"]
[EventRounds "9"]
[EventCountry "GER"]
[EventCategory "9"]
[SourceTitle "CBM 031"]
[Source "ChessBase"]
[SourceDate "1992.12.01"]
[SourceVersion "1"]
[SourceVersionDate "1992.12.01"]
[SourceQuality "1"]

1. e4 c5 2. Nf3 e6 3. d4 cxd4 4. Nxd4 Nc6 5. Nc3 Qc7 6. Be3 a6 7. Bd3 Nf6 8.
O-O Be7 (8... Nxd4 9. Bxd4 Bc5 $10) (8... Bc5 $4 9. Nxe6 $18) 9. Kh1 d6 10. f4
Bd7 (10... b5 $6 11. e5 (11. Nxc6 Qxc6 12. e5 Bb7 $36) 11... dxe5 12. fxe5 Nxe5
(12... Qxe5 13. Qf3) 13. Bf4 $40) 11. Qf3 Rc8 {/\b5-b4} 12. a4 h5 $6 (12... O-O
13. g4 Nxd4 14. Bxd4 Bc6 15. g5 Nd7 $13) (12... Nxd4 13. Bxd4 Bc6 (13... e5 $2
14. fxe5 dxe5 15. Nd5 $16) 14. a5 $14) 13. Nxc6 Bxc6 14. f5 exf5 (14... O-O 15.
Qh3 Bd7 16. Bg5 $16) (14... Qd7 15. a5) (14... e5 15. a5 $14) 15. Nd5 $5 (15.
Qxf5 Qd7 {/\Qg4<=>}) 15... Bxd5 (15... Nxd5 16. exd5 Bd7 17. Bd4 $40) (15...
Qd7 $142 16. Bd4 (16. Nb6 $6 fxe4 $1) 16... fxe4 (16... Bxd5 17. exd5 g6 {
--> main line}) 17. Bxe4 Bxd5 (17... Qg4 $5) 18. Bxd5 $40 Rxc2 $2 19. Bxf7+ $18
) 16. exd5 g6 17. Bd4 Qd7 (17... O-O 18. Bxf5 gxf5 19. Qxf5 Qxc2 (19... Nh7 20.
Rf3 f6 21. Rc3 Qd8 22. Rh3 $40) 20. Bxf6 Qxf5 21. Rxf5 Bxf6 $8 22. Rxf6 {
/\Raf1+- _|_ ><d6,f7,h5}) 18. Rae1 (18. Bxf5 $2 gxf5) 18... O-O 19. Qe3 $18 {
/\Qh6,Qe7} Nxd5 (19... Rfe8 20. Bxf5 (20. Qh6 Bf8) 20... gxf5 21. Qg5+ Kh7 (
21... Kf8 22. Qh6+ $1 (22. Rxe7 Nh7 $8 23. Rxe8+ Rxe8 (23... Kxe8 24. Re1+ $18)
24. Qg7+ Ke7 25. Qxh7 $18) 22... Kg8 23. Rxe7 {/\Bxf6+-}) 22. Rxe7 Qxe7 23.
Bxf6 Qf8 24. Qxh5+ Qh6 25. Qxf7+ $18) 20. Qh6 Bf6 (20... Nf6 21. Rxf5 $1 gxf5
22. Qg5+ Kh8 (22... Kh7 23. Bxf5+) 23. Rxe7 $18) 21. Bxf5 gxf5 22. Re3 $1 h4 (
22... Nxe3 23. Bxf6 $18) (22... f4 23. Rxf4 $18) 23. Rff3 f4 24. Bxf6 Nxf6 25.
Qg5+ Kh7 26. Rxf4 1-0

[Event "RUS-chT 17th"]
[Site "Dagomys"]
[Date "2010.04.07"]
[Round "6"]
[White "Bologan, Viktor"]
[Black "Potkin, Vladimir"]
[Result "1-0"]
[WhiteElo "2684"]
[BlackElo "2606"]
[Annotator "Bologan,V"]
[PlyCount "99"]
[EventDate "2010.04.01"]
[EventType "team-tourn"]
[EventRounds "9"]
[EventCountry "RUS"]
[SourceTitle "EXT 2020"]
[Source "ChessBase"]
[SourceDate "2019.10.17"]
[SourceVersion "1"]
[SourceVersionDate "2019.10.17"]
[SourceQuality "1"]
[WhiteTeam "Tomsk 400"]
[BlackTeam "Belgorod BelGu"]
[WhiteTeamCountry "RUS"]
[BlackTeamCountry "RUS"]

1. e4 c5 2. Nf3 e6 3. d4 cxd4 4. Nxd4 Nc6 5. Nc3 Qc7 6. Be3 a6 7. Qd2 Nf6 8.
O-O-O Be7 9. f3 h5 {The move ...h5 is becoming more and more popular in modern
practice. The classical approach of not moving the pawns from the king
nowadays is often suppressed by the idea of preventing the pawn attack g4-g5.
We meet the same idea in the Rauzer, Najdorf and even in the Philidor.} 10. Qf2
{More played is} (10. Kb1 b5 (10... d6 11. Bg5 Bd7 12. f4 Nxd4 13. Qxd4 Rc8 14.
Be2 Qc5 15. Bf3 Qxd4 16. Rxd4 Ng4 17. Bxe7 Kxe7 18. h3 Ne3 19. Rd3 Nc4 20. b3
Na3+ 21. Kb2 $16 {Mamedov,Ni-Horvath,A1/11th EICC 2010}) (10... Ne5 11. f4 Nc4
12. Bxc4 Qxc4 13. e5 $14) 11. Nxc6 dxc6 12. e5 Qxe5 13. Bd4 Qc7 (13... Qd6 14.
Qe3 Qc7 15. Be5 Qa7 16. Qg5 $44) 14. Qg5 Rg8 15. Be5 Qa7 16. Be2 c5 17. Qg3 $44
Bb7 18. Rhe1 Bc6 19. f4 Nd7 (19... b4 20. f5 bxc3 21. fxe6 $40) 20. Bxh5 $16 {
Grandelius,N-Boskovic,D/Reykjavik op 2010}) 10... d6 11. h3 {Preparing g4 in
case of 0-0 or after Bd3.} (11. Bd3 {is also interesting since White has a
clear central strategy} b5 12. Nxc6 Qxc6 13. e5 $5 dxe5 14. Qg3 Bb7 15. Qxe5
O-O-O $6 16. Bxb5 $1 Qc7 17. Qxc7+ Kxc7 18. Be2 $16 {Vachier Lagrave,
M-Bocharov,D/9th Aeroflot op-A 2010}) 11... h4 $5 $146 {This was played quite
fast by my opponent, so now I have to forget the plan with g4 and switch to f4.
} (11... b5 12. Nxc6 Qxc6 13. Bd3 h4 14. Kb1 b4 15. Ne2 e5 {Kosintseva,
N-Javakhishvili,L/14th ECC (Women) 2009} 16. c3 bxc3 17. Nxc3 Be6 18. Rd2 Qb7
19. Rc1 O-O 20. Bg5 $14) 12. f4 b5 ({On} 12... Bd7 13. Nf3 $1 {is very strong,
creating the threat Bb6 and also targeting the h4-pawn.} b5 14. Ng5 Rb8 15. Kb1
$14) 13. Nxc6 (13. Bd3 Bb7 14. Rhe1 Nb4 15. Kb1 Nxd3 16. cxd3 b4 17. Na4 Qa5
18. b3 Rc8) 13... Qxc6 14. e5 {I spent a lot of time calculating the
consequences of this move. Since the position was fresh for me I had to simply
take all the lines move by move.} dxe5 15. fxe5 Nd7 (15... Nd5 16. Nxd5 exd5
17. Kb1 O-O 18. Bd3 $16) 16. Bd3 $1 {It is important is to create the threat
Be4, but not actually not to put the bishop on the diagonal when the exchange
is threatened.} (16. Be2 Bb7 17. Bf3 Qc7 18. Bxb7 Qxb7 $11) 16... Bb7 17. Rhf1
$1 {Forcing Black to castle, which would bring him equality - if there were
not the advanced pawn on h4.} O-O (17... Nxe5 18. Be4 Qc7 19. Bb6 Qc8 20. Bd4
$18) 18. Qf4 Qc7 (18... Rac8 19. Ne4 Qc7 20. Bd4 Bxe4 21. Qxe4 g6 22. Kb1 (22.
Rxf7 Rxf7 23. Qxg6+ Kf8 24. Qh5 Bc5 25. Qh8+ Ke7 26. Qxh4+ Kf8 {=}) 22... Nc5
23. Bxc5 Qxc5 24. Rde1 Bg5 25. Qg4 Qe7 26. g3 hxg3 27. h4 $40) 19. Bd4 f5 $5 {
Trying to escape the inferior ending.} (19... Nc5 {would put up more
resistance:} 20. Bxc5 Qxc5 21. Ne4 $14) 20. exf6 Qxf4+ 21. Rxf4 Bxf6 22. Bxf6
Nxf6 23. Rxh4 Bxg2 24. a4 $1 {Xa6, e6, g7. This move also took me some time.
Initially I was thinking of attacking the king with Re1-e5, Bg6 and then
bringing up the knight. Then I decided to switch to positional play against
the pawn weaknesses.} bxa4 25. Rg1 (25. Nxa4 $5) 25... Bc6 26. Nxa4 Bb5 27. Nc5
Bxd3 28. Nxd3 ({Of course for some time I had been thinking of} 28. Nxe6 {
, but later I realised that} Bh7 $1 {would keep the piece for Black:} 29. Rxg7+
Kh8 30. Rh6 Rac8 31. c3 Rce8 32. Rgxh7+ Nxh7 33. Nxf8 Rxf8 34. Rxa6 {+/=/=})
28... Nd5 29. Re1 Rf6 30. Rhe4 Rh6 31. h4 a5 32. Nc5 Nc7 33. b3 $1 {with the
idea Kb2, Rc4. It is important to improve the position of the king a little
bit.} Rf8 34. Kb2 Rf5 35. Rc4 $1 {The rook is very well placed here, besides
the fact that it protects the knight, it also thinks of an attack on the c7-,
c8-squares.} Rfh5 36. Nd7 Nd5 37. Rc8+ Kf7 38. Ne5+ Ke7 39. Rg8 Rh7 40. Ra8 $18
Kf6 41. Rf8+ Ke7 42. Rf7+ Ke8 43. Ra7 Rf5 44. Rxa5 Rhh5 (44... Nc7 45. Ra7) 45.
Ra8+ Ke7 46. Ra7+ Kd6 47. Nc4+ Kc5 48. Rxe6 Rxh4 49. Ra5+ Kd4 50. Nd6 1-0

[Event "URS-ch46 First League"]
[Site "Ashkhabad"]
[Date "1978.??.??"]
[Round "17"]
[White "Jussupow, Artur"]
[Black "Sveshnikov, Evgeny"]
[Result "1-0"]
[WhiteElo "2450"]
[BlackElo "2565"]
[Annotator "Bulletin"]
[PlyCount "53"]
[EventDate "1978.10.??"]
[EventType "tourn"]
[EventRounds "17"]
[EventCountry "URS"]
[EventCategory "10"]
[SourceTitle "MCL"]
[Source "ChessBase"]
[SourceDate "1999.07.01"]
[SourceVersion "1"]
[SourceVersionDate "1999.07.01"]
[SourceQuality "1"]

1. e4 c5 2. Nf3 e6 3. d4 cxd4 4. Nxd4 Nc6 5. Nc3 Nf6 6. Be2 (6. Ndb5) 6... Qc7
(6... Bb4) 7. O-O a6 8. a3 (8. Be3) 8... Be7 9. Be3 O-O 10. f4 d6 11. Qe1 Bd7
12. Qg3 Nxd4 13. Bxd4 Bc6 14. Kh1 g6 15. f5 $5 (15. Bd3) 15... e5 16. Be3 Kh8 (
16... Nxe4 $2 17. Nxe4 Bxe4 18. f6 Bd8 19. Qh4 $18) (16... Bxe4 17. fxg6 Bxg6
18. Rxf6 Bxf6 19. Nd5 Qd8 20. Bb6 Bh4 21. Bxd8 Bxg3 22. Bf6 $18) 17. Bg5 Nxe4
18. Nxe4 Bxe4 19. f6 Bd8 20. Bd3 $1 $16 Bc6 21. Qh4 Qd7 22. Rae1 {/\Re3} Bb6
23. Be4 {/\Qh6, Rf3} h5 {/\Qg4} 24. Bf5 $1 $18 Qd8 25. Bd2 Re8 26. Qg5 Kg8 27.
Bxg6 1-0

[Event "EU-chT (Men) 10th"]
[Site "Debrecen"]
[Date "1992.11.??"]
[Round "8.1"]
[White "Kasparov, Garry"]
[Black "Portisch, Lajos"]
[Result "1/2-1/2"]
[WhiteElo "2780"]
[BlackElo "2575"]
[Annotator "Bulletin"]
[PlyCount "74"]
[EventDate "1992.11.20"]
[EventType "team-swiss"]
[EventRounds "9"]
[EventCountry "HUN"]
[SourceTitle "EU-chT"]
[Source "ChessBase"]
[SourceDate "1999.07.01"]
[SourceVersion "2"]
[SourceVersionDate "1999.07.01"]
[SourceQuality "1"]
[WhiteTeam "Russia"]
[BlackTeam "Hungary"]
[WhiteTeamCountry "RUS"]
[BlackTeamCountry "HUN"]

1. e4 c5 2. Nf3 e6 3. d4 cxd4 4. Nxd4 a6 5. Nc3 Qc7 6. Bd3 Nc6 7. Be3 Nf6 8.
O-O Bd6 9. Nxc6 bxc6 10. f4 e5 11. f5 Be7 $5 12. Na4 (12. Qf3 $5) 12... d5 13.
Bb6 Qb8 14. Qe2 c5 $1 15. Bxc5 (15. c4 Nd7 16. Ba5 d4 $10) 15... Bxc5+ 16. Nxc5
Qb6 17. Qf2 Ng4 18. Na4 Qxf2+ 19. Rxf2 Nxf2 20. Kxf2 d4 21. b4 Bd7 22. Nc5 Bb5
23. a4 Bxd3 24. cxd3 Ke7 25. Rc1 Rhc8 26. Rc4 Rc6 27. a5 Rb8 28. Ke2 Kd6 29. h4
h5 30. Kf3 Rb5 $2 (30... g6 $142 $1 $15) 31. g4 g6 32. g5 Rb8 33. f6 Rb5 34.
Ke2 Rcxc5 35. bxc5+ Kc6 36. Ra4 Rxc5 37. Ra2 Rb5 1/2-1/2

[Event "Moscow Generations m"]
[Site "Moscow"]
[Date "2013.12.07"]
[Round "5"]
[White "Shirov, Alexei"]
[Black "Dubov, Daniil"]
[Result "1-0"]
[WhiteElo "2695"]
[BlackElo "2629"]
[Annotator "CB"]
[PlyCount "67"]
[EventDate "2013.12.02"]
[EventType "match"]
[EventRounds "6"]
[EventCountry "RUS"]
[SourceTitle "CBM 158"]
[Source "ChessBase"]
[SourceDate "2014.01.16"]
[SourceVersion "1"]
[SourceVersionDate "2014.01.16"]
[SourceQuality "1"]

1. e4 c5 2. Nf3 e6 3. d4 cxd4 4. Nxd4 Nc6 5. Nc3 Qc7 6. Be3 a6 7. Qd2 b5 ({
Der Hauptzug ist} 7... Nf6 {und nun z.B.:} 8. O-O-O d6 9. f3 Be7 10. g4 b5 11.
g5 Nd7 12. h4 Bb7 13. h5 Rc8 14. Nxc6 Qxc6 15. a3 Ne5 16. f4 Nc4 17. Bxc4 Qxc4
18. Bd4 O-O 19. g6 h6 20. Rhg1 f5 21. exf5 Rxf5 22. Rge1 e5 23. fxe5 dxe5 24.
Be3 Bc6 25. Kb1 b4 26. Nd5 Bxd5 27. Qxd5+ Qxd5 28. Rxd5 bxa3 29. Rd7 Bf8 30.
Red1 Rxh5 31. Rd8 Rxd8 32. Rxd8 Rf5 33. c4 h5 34. c5 Rf6 35. Bg5 Re6 36. Rc8
Rxg6 37. Be7 Kf7 38. Bxf8 h4 39. Bd6 e4 40. Rh8 Rh6 41. Rxh6 gxh6 42. bxa3 Ke6
43. Kc2 Kd5 44. Kd2 h3 45. Ke3 h2 {1/2-1/2 (45) Shirov,A (2708)-Ehlvest,J 
(2605) Tallinn 2013}) 8. Nxc6 ({Häufiger geschieht} 8. O-O-O b4 ({Die
Hauptvariante ist} 8... Nf6 9. f3 Be7 10. g4) 9. Na4 Nf6 10. f3 Ne5 11. Nb3 Rb8
12. Qf2 Be7 13. Ba7 Ra8 14. Bd4 O-O 15. f4 Nc6 16. Bb6 Qb8 17. e5 Nd5 18. Bc5
a5 19. Bc4 Bxc5 20. Nbxc5 Nce7 21. Ne4 Ba6 22. Bxd5 Nxd5 23. Nd6 f6 24. Rxd5
exd5 25. Qc5 fxe5 26. Nb6 Ra7 27. Nxd5 exf4 28. Re1 f3 29. gxf3 Ra8 30. Qd4 Qa7
31. Ne7+ Kh8 32. Qd5 h6 33. Ng6+ Kh7 34. Qe4 Kg8 35. Qd5+ Kh7 36. Qe4 Kg8 37.
Nf5 Rxf5 38. Ne7+ Kh8 39. Nxf5 Rf8 40. Ne7 Rb8 41. f4 a4 42. Ng6+ Kg8 43. f5 b3
44. Ne7+ Kh8 45. f6 Qb6 46. fxg7+ Kxg7 47. Nf5+ Kf6 48. Qe5+ Kg6 49. Qg7+ Kh5
50. Re5 {1-0 (50) Shirov,A (2710)-Kogan,A (2574) Birmingham 2005}) 8... Qxc6 9.
O-O-O ({Meist wird erst} 9. f3 {gezogen.}) 9... Bb7 ({Auf} 9... b4 {käme} 10.
Nd5 {und nach} exd5 11. exd5 {hat Weiß reichlich Entwicklungsvorsprung und
Kompensation für die Figur.}) 10. f3 Rc8 (10... Ne7 11. Kb1 Ng6 12. h4 b4 13.
Ne2 Ne5 14. Nf4 Rc8 15. Bd4 f6 16. Nh5 Qd6 17. Qe1 Qc7 18. Rd2 Bc5 19. Nxg7+
Ke7 20. Qe3 h5 21. Be2 Rh7 22. Nxh5 Rxh5 23. f4 Bxd4 24. Qxd4 Nc6 25. Qe3 Rh7
26. g4 Rg8 $11 {Grischuk,A (2712)-Polgar,J (2700) Wijk aan Zee 2003, 0-1 (47)})
(10... Nf6 11. Bd3 b4 12. Ne2 h5 13. Kb1 Qc7 14. Rhe1 Be7 15. Bf4 Qb6 16. Bg5
Bc5 17. Bc4 Qc7 18. Nd4 Nh7 19. Bf4 e5 20. Nb3 Rd8 21. Bxe5 Qxe5 22. Bd5 $18 {
Dominguez Perez,L (2725)-Nepomniachtchi,I (2716) Havana 2012, 1-0 (54)}) 11. g4
Nf6 (11... Ne7 $5 12. h4 b4 13. Ne2 Ng6 14. h5 Ne5 $11) 12. g5 Nh5 13. Bh3 Be7
14. Bg4 g6 15. Bxh5 gxh5 16. h4 (16. Bd4 $5 Rg8 17. Bf6 Bxf6 18. gxf6 Rg6 19.
Rhg1 Rc7 20. Rxg6 hxg6 21. Qh6 $14) 16... a5 17. Kb1 b4 18. Ne2 a4 19. Nf4 b3
20. cxb3 axb3 21. axb3 Bb4 22. Qf2 {Weiß droht nun Tc1, Ld4 und Sxh5.} (22.
Qh2 $5 {mit der Idee} Z0 23. Nd5 Bd6 (23... exd5 24. Qe5+) 24. Nf6+ Ke7 25. Qd2
$18 {war auch gut.}) 22... Ra8 23. Nxh5 Ke7 24. Nf6 Rhc8 ({Oder} 24... d6 25.
Rc1 Qb5 26. Rc7+ Kf8 27. Rd1 {mit überlegener Position.}) 25. Rxd7+ Qxd7 26.
Nxd7 Kxd7 27. Ba7 {Der weiße Turm wird eingreifen, während die schwarzen
Figuren ohne Wirkung sind.} Ba6 28. Rd1+ Ke8 29. h5 Be7 30. g6 fxg6 31. hxg6
hxg6 32. Qb6 Kf7 33. Rd7 Be2 34. Qd6 1-0